Quizzes
Events
Quiz Creation
Community
Videos
Private Events
Remove Ads
Sign In
Join for FREE
Feedback
Dark Mode
Quiz Categories
Sports
Geography
Music
Movies
Television
Just For Fun
Miscellaneous
History
Literature
Language
Science
Gaming
Entertainment
Religion
Holiday
For Kids
Quiz Lab
Recent
Popular Today
Quiz Kudos Today
Editor Picks
Curator Picks
Quizzes by...
Day
Popularity
Type
Ratings
Length
Year
Community
Subscriptions
Recent Discussions
Orange Saloon
Badges
Playlists
Quests
Create
Leaderboards
Showdown
Live 5
Trivia Bingo
Activity
Puzzle Library
Sporcle Events
Private Events
Virtual Trivia
Globe League
Become a Host
Pub Owners
SporcleCon
Opinionation
Our Games
Videos
Blog
Mobile Apps
Partnerships
Remove Ads and Go Orange
Feedback
Music
Pop Music
The Beatles
Song
Album
Lyrics
Bands
Singers
Artist
Clip
Rock
Rap
Classical
Billboard
Country Music
Kpop
Taylor Swift
Music
Pop Music
The Beatles
Song
Album
Lyrics
Bands
Singers
Artist
Clip
Rock
Rap
Classical
Billboard
Country Music
Kpop
Taylor Swift
Random Quiz
Search Sporcle
×
Quiz Lab
Quiz Lab
Music
Lyrics
Type in answers that appear in a list
Type in answers that appear in a list
Classic
Best Score? Go Orange.
How to Save a Life Stats
Can you name the lyrics to 'How to Save a Life'?
By
HowToSaveALife
7m
31 Questions
636 Plays
636 Plays
636 Plays
Comments
Comments
Give Quiz Kudos
Give Quiz Kudos
-
- Ratings
hide this ad
More Info
Replay
Link that replays current quiz
Next Quiz
Link to next quiz in quiz playlist
You Got
0%
They Got
Avg Score
71%
Avg Friend Score
Upgrade to see
Score Distribution
Jump to the score distribution portion of the page
Score
0/31
Timer
07:00
0
Plays Today
Lyrics Before
Lyrics After
% Correct
Where did I go wrong...
I lost a friend
89.9%
Where did I go wrong...
I lost a friend
89.9%
Had i known...
how to save a life
89.3%
Had i known...
how to save a life
89.3%
You stare politely...
right on through
86.3%
And I would have stayed up...
with you all night
85.5%
And I would have stayed up...
with you all night
85.5%
Step one...
you say we need to talk
85.2%
As he goes left...
and you stay right
84%
You begin to wonder...
why you came
84%
He smiles...
politely back at you
82.9%
Cause after all...
you do know best
77.2%
Let him know...
that you know best
74.8%
And I pray to God...
he hears you
72.6%
And I pray to God...
he hears you
72.6%
Somewhere along...
in the bitterness
70.9%
Lyrics Before
Lyrics After
% Correct
Somewhere along...
in the bitterness
70.9%
He walks...
you say sit down it's just a talk
70.8%
TYPE THE WORD 'CHORUS' TO WIN! -
-
-
>
chorus
69.3%
As he begins...
to raise his voice
68.4%
Some sort of...
window to your right
67.1%
Lay down a list...
of what is wrong
65.7%
Between the lines...
of fear and blame
63.7%
You lower yours and...
grant him one last choice
63.7%
And you'll begin...
to wonder why you came
61.6%
He will do...
one of two things
60.5%
He will...
admit to everything
58%
Try to slip past his defense...
without granting innocence
54.6%
The things...
you've told him all along
51.7%
Or he'll...
say he's just not the same
49.7%
Drive until you lose the road...
or break with the ones you've followed
22.6%
Quiz Playlist
Details
Report
Send in Message
Add To Playlist
More Info:
Can you finish the lyrics to "How to Save a Life" by the Fray?
Classic:
Type in answers that appear in a list
Quiz Source
Last Updated: Jul 4, 2017
Quiz Scoreboard
CHALLENGE
Sign Up to Join the Scoreboard
Show All
Scores
Hide
Comments
May contain spoilers
Recently Published
Popular People in 1961
by mucciniale
History
6m
1-10 Letter E Words III
by El_Dandy
Language
2m
One Thing in Common: World Cities II
by knightlancer
Geography
7m
More to Explore
Quiz From the Vault
Featured Blog Post
Where Did the Easter Bunny Come From?
hide this ad
You Might Also Like...
Tags
Lyrics Quiz
before
life
Save
Today's Top Quizzes in Music
Browse Music
hide this ad
Today's Top Quizzes in Lyrics
Browse Lyrics
Top Contributed Quizzes in Music
1
Taylor Swift All Songs (2024)
2
Taylor Swift Logic Puzzle
3
2010s Album by Cover III
4
Guess the Taylor Swift song (Mystery Song)
5
One Thing in Common: Music
6
Guess the Artist- 70s Songs
7
2010s Album by Cover IV
8
2010s Album by Cover V
9
Get the Picture: Carrie or Dolly
10
Lana Del Rey Discography (BTD to DYKTTATUOB)
Explore More
Trending Topics
Marvel
Anime
NBA
Crossword
Kpop
Harry Potter
Disney
NFL
Pokémon
Soccer
WWE
Country
The Office
Song
Puzzle
hide this ad
More By:
HowToSaveALife
Quiz
Plays
Rating
Category
Featured
Created
How to Save a Life
636
5.00
Music
Dec 8, 2009
Number One Singles of 2009
137
5.00
Music
Dec 8, 2009
Go to Creator's Profile
Score Distribution
Quiz Creator Spotlight
HowToSaveALife
Follow
Send a Message
Quizzes Created
-
Created Quiz Play Count
-
More By This Creator
Popular Quizzes Today
1
Find the US States - No Outlines Minefield
2
The Countries of the World
3
Popular People in 1961
4
Find the Countries of Europe - No Outlines Minefield
5
1-10 Letter E Words III
6
Find the US States
7
One Thing in Common: World Cities II
8
US States
More Music Quizzes
Lyrics: 'Girlfriend In a Coma' - The Smiths
Editor's Pick
Trending Quizzes
Country Music Stars Doing Things
Get the Picture: Carrie or Dolly
1-10 Letter F Words
1-10 Letter G Words
Risky Map Clicking: Next State Alphabetically
Recently Updated
Leaping Animals
pecheneg
Reality TV Shows (A-Z)
bhenderson79
Rickey Henderson's Hall of Fame Teammates
pecheneg
Champions League XIs: Arsenal
pecheneg
Quick Pick: Celebrities in WWE's Hall of Fame
aduchscher
A-Z Keypad Blitz II
pecheneg
Multiple Oscar Actors
pecheneg
Mystery Phrase Blitz: Oscar 'Best Actors'
pecheneg
F. Scott Fitzgerald Novels
LTH
Pick 3 Villains
ddd62291
Trending Topics
Anime
Crossword
Kpop
Disney
Marvel
Harry Potter
NBA
Pokémon
NFL
The Office
Song
Country
Puzzle
Soccer
WWE
Your Account Isn't Verified!
In order to create a playlist on Sporcle, you need to verify the email address you used during registration. Go to your
Sporcle Settings
to finish the process.
Report this User
Report this user for behavior that violates our
Community Guidelines
.
Details:
Send Report
Go to the Sporcle.com Mobile Site →
Comments